Finish the Lyrics - The Final Countdown - Statistics

General Stats
  • This quiz has been taken 63 times
  • The average score is 27 of 35
Answer Stats
Hint Answer % Correct
It's the final _________ countdown
98%
The final _________ countdown
98%
It's the final _________ countdown
98%
The final _________ countdown
98%
The final _________ (final _________) countdown
98%
The final _________, oh countdown
98%
It's the final _________ countdown
98%
The final _________ countdown
98%
The final _________ (final _________) countdown
98%
It's the final _________ countdown
98%
(The final _________) countdown
98%
It's the final _________ (final _________) countdown
98%
It's the final _________ countdown
98%
We're leavin' ________ together
80%
We're leavin' ________ together
80%
'Cause maybe they've seen __ us
80%
Will things ever be the same _____? again
71%
And still we stand ____ tall
71%
With so many light _____ to go years
71%
And maybe we'll come ____ back
67%
And things to be _____ (to be _____) found
67%
We're leaving ______ (leaving ______) ground
65%
We're headin' for _____ (_____) Venus
65%
__ oh
61%
(__) oh
61%
__ oh
61%
(__) oh
61%
(__) oh
61%
I guess there is no one to _____ blame
57%
To _____, who can tell? Earth
57%
And _______ us all, yeah welcome
55%
But still it's ________ farewell
51%
I'm sure that we all miss ___ so her
49%
We'll all miss ___ so her
49%
____ yeah
39%
No matching quizzes found
Score Distribution
Percent of People with Each Score
Percentile by Number Answered
Your Score History
You have not taken this quiz